000
00326nam a2200133Ia 4500
008
191206s9999 xx 000 0 und d
020
_a
9781846683237 (hbk.)
090
_a
CB311.H37
245
0
_a
ancient guide to modern life
260
_a
Profile
260
_c
c2010
300
_a
275 p. ; 23 cm.
999
_c
15459
_d
15459